[Event "RUS-ch sf"]
[Site "Ufa"]
[Date "1999.??.??"]
[Round "10"]
[White "Akhmetov, Artiom"]
[Black "Alavkin, Arseny"]
[Result "1-0"]
[WhiteElo "2415"]
[BlackElo "2441"]

1.d4 d5 2.c4 dxc4 3.e3 Nf6 4.Bxc4 e6 5.Nf3 c5 6.O-O a6 7.dxc5 Qxd1 8.Rxd1 Bxc5
9.Nc3 Nbd7 10.Bd2 b6 11.Rac1 Bb7 12.Be1 O-O 13.Nd4 Rac8 14.Nxe6 fxe6 15.Bxe6+ Rf7
16.Na4 Rc6 17.Bxf7+ Kxf7 18.Nxc5 bxc5 19.f3 Ke6 20.e4 g5 21.Kf2 Ne5 22.Ke3 Rc8
23.Bg3 Nfd7 24.Rc2 a5 25.b3 c4 26.bxc4 Nxc4+ 27.Kf2 Rc5 28.Rd4 Ba6 29.Rc3 Rc6
30.h4 g4 31.h5 gxf3 32.gxf3 Nf6 33.h6 Rc8 34.Rcd3 Rf8 35.Rd6+ Nxd6 36.Rxd6+ Ke7
37.Rxa6 Nxe4+ 38.Kg2 Nxg3 39.Kxg3 Rf5 40.Kg4 Rc5 41.f4 Kf7 42.a4 Rd5 43.Rc6 Ke7
44.Rc7+ Kf6 45.Rxh7 Kg6 46.Re7 Kxh6 47.Re5 Rd1 48.Rxa5 Kg6 49.Ra6+ Kf7 50.Kg5 Rf1
51.Kf5 Kg7 52.Ra7+ Kh6 53.a5 Rf2 54.a6 Rf1 55.Re7  1-0

[Event "Keres mem op"]
[Site "Utrecht"]
[Date "1999.??.??"]
[Round "4"]
[White "Wemmers, Xander"]
[Black "Jonkman, Harmen"]
[Result "0-1"]
[WhiteElo "2360"]
[BlackElo "2333"]

1.d4 d5 2.c4 dxc4 3.Nf3 Nf6 4.e3 e6 5.Bxc4 c5 6.O-O a6 7.a4 Nc6 8.Qe2 Qc7
9.Rd1 Bd6 10.Nc3 O-O 11.h3 b6 12.dxc5 bxc5 13.e4 Ne5 14.Be3 Bb7 15.Nd2 Ng6
16.Ba2 Be5 17.Rac1 Rfc8 18.Bb1 Bd4 19.Nc4 e5 20.Bg5 Nd7 21.a5 h6 22.Be3 Re8
23.Nd5 Qd8 24.Nd6 Bxd5 25.exd5 Rf8 26.b4 cxb4 27.Nxf7 Rxf7 28.Bxg6 Rf6 29.Bb1 Bxe3
30.Qxe3 Qxa5 31.d6 Rd8 32.Qe4 Qb6 33.Qd5+ Kh8 34.Rd2 b3 35.Rc3 Nf8 36.Rc6 Qb4
37.Rxa6 b2 38.g3 e4 39.Kg2 Ne6 40.Qxe4 Qxe4+ 41.Bxe4 Nc5 42.Rb6 Nxe4 43.Rdxb2 Rfxd6
44.R6b4 Rd4 45.Rb7 Rd2  0-1

[Event "JUG-chT"]
[Site "Vrnjacka Banja"]
[Date "1999.??.??"]
[Round "11"]
[White "Djukic, Zeljko"]
[Black "Miljanic, Boro"]
[Result "1/2-1/2"]
[WhiteElo "2388"]
[BlackElo "2434"]

1.d4 d5 2.c4 dxc4 3.e3 e6 4.Bxc4 Nf6 5.Nf3 c5 6.O-O a6 7.a4 Nc6 8.Nc3 cxd4
9.exd4 Be7 10.Bg5 O-O 11.Re1  1/2-1/2

[Event "Wisla Hugart op (Women)"]
[Site "Warsaw"]
[Date "1999.??.??"]
[Round "?"]
[White "Bobrowska, Monika"]
[Black "Zaksaite, Salomeja"]
[Result "1-0"]
[WhiteElo "2440"]
[BlackElo "2070"]

1.Nf3 d5 2.d4 Nf6 3.c4 dxc4 4.e3 e6 5.Bxc4 c5 6.Qe2 a6 7.dxc5 Bxc5 8.O-O O-O
9.e4 e5 10.Nxe5 Qd4 11.Nxf7 Rxf7 12.Be3 Qe5 13.Bxf7+ Kxf7 14.Qc4+ Be6 15.Qxc5 Qxb2
16.Nd2 Nbd7 17.Qd4 Qxd4 18.Bxd4 Rd8 19.Rfd1 Nb8 20.Bxf6 Kxf6 21.Nb3 Rxd1+
22.Rxd1 Nc6 23.Nc5 Bxa2 24.Nxb7 Ke5 25.f3 Bb3 26.Rd7 a5 27.Rc7 Ba4 28.Rxg7  1-0

[Event "Wisla Hugart op (Women)"]
[Site "Warsaw"]
[Date "1999.??.??"]
[Round "?"]
[White "Ioseliani, Nana"]
[Black "Grabuzova, Tatiana"]
[Result "1/2-1/2"]
[WhiteElo "2493"]
[BlackElo "2281"]

1.Nf3 d5 2.d4 e6 3.e3 c5 4.c4 dxc4 5.Bxc4 Nf6 6.O-O Nc6 7.a3 Be7 8.Qe2 O-O
9.dxc5 Bxc5 10.b4 Bd6 11.Bb2 Qe7 12.Nc3 e5 13.Nd5 Nxd5 14.Bxd5 e4 15.Bxc6 bxc6
16.Nd2 a5 17.Nc4 axb4 18.Nxd6 Qxd6 19.axb4 Rxa1 20.Bxa1 Qxb4 21.Qc2 Qb5 22.Bd4 Bf5
23.h3 c5  1/2-1/2

[Event "Wisla Hugart op (Women)"]
[Site "Warsaw"]
[Date "1999.??.??"]
[Round "?"]
[White "Radziewicz, Iweta"]
[Black "Sorokina, Anastasia"]
[Result "1/2-1/2"]
[WhiteElo "2384"]
[BlackElo "2181"]

1.Nf3 d5 2.d4 Nf6 3.c4 dxc4 4.e3 e6 5.Bxc4 c5 6.Qe2 a6 7.dxc5 Bxc5 8.O-O b5
9.Bd3 Bb7 10.Bxb5+ Nbd7 11.Ba4 O-O 12.Nc3 Qc7 13.h3 Rab8 14.Bb3 Bd6 15.Na4 Qc6
16.Qc4 Bc5 17.Nxc5 Nxc5 18.Bc2 a5 19.b4 axb4 20.Bb2 Nce4 21.Qxc6 Bxc6 22.Be5 Rb7
23.Rfc1 Bd5 24.Bb3 h6 25.Ne1 Ra8 26.Nd3 Bxb3 27.axb3 Rxa1 28.Rxa1 Nd7 29.Bd4 Nd2
30.Ra8+ Kh7 31.Ra7 Rxa7 32.Bxa7 Nxb3 33.Nxb4 Kg6 34.Nc6 Kf6 35.e4 e5 36.f3 Ke6
37.Nd8+ Ke7 38.Nb7 Nf8 39.Bb8 f6 40.Bd6+ Ke8 41.Bb4 Ne6 42.Kf2 Kd7 43.Nd6 Nbd4
44.Nf5 Kc6 45.Bd2 Kc5 46.h4 Kc4 47.h5 Nxf5 48.exf5 Nd4 49.g4 Nc6 50.Bc1 Kb3
51.Ke3 Nd4 52.Ke4 Ne2 53.Bxh6 gxh6 54.Kd5 Ng1 55.g5 Nxf3 56.gxf6 Ng5 57.Kxe5 Kc4
58.f7 Nxf7+ 59.Kf6 Nd6 60.Kg6  1/2-1/2

[Event "Zaragoza op 11th"]
[Site "Zaragoza"]
[Date "1999.??.??"]
[Round "7"]
[White "Merino Garcia, Rafael"]
[Black "Adla, Diego"]
[Result "0-1"]
[WhiteElo "2315"]
[BlackElo "2465"]

1.d4 d5 2.Nf3 Nf6 3.c4 dxc4 4.e3 e6 5.Bxc4 c5 6.O-O a6 7.Bb3 b5 8.a4 b4 9.Nbd2 Bb7
10.e4 cxd4 11.e5 Nfd7 12.Nc4 Nc5 13.Bg5 f6 14.exf6 gxf6 15.Bh4 Nc6 16.Re1 Be7
17.Ba2 O-O 18.Ncd2 Kh8 19.Bxe6 Ne5 20.Bf5 Ned3 21.Nxd4 Qd5 22.N2f3 Nxe1 23.Qxe1 Bd6
24.Qd2 Be5 25.Qh6 Rf7 26.Rd1 Rg8 27.Bg3 Bxd4  0-1

[Event "Zaragoza op 11th"]
[Site "Zaragoza"]
[Date "1999.??.??"]
[Round "7"]
[White "Campos Moreno, Javier B"]
[Black "Lopez Martinez, Jose Manuel"]
[Result "1-0"]
[WhiteElo "2490"]
[BlackElo "2370"]

1.d4 d5 2.c4 dxc4 3.Nf3 Nf6 4.e3 e6 5.Bxc4 c5 6.O-O Nc6 7.Nc3 a6 8.a3 cxd4
9.exd4 Be7 10.Ba2 O-O 11.Re1 Qd6 12.g3 Qd8 13.Bf4 Nd5 14.Nxd5 exd5 15.Ne5 Be6
16.Nxc6 bxc6 17.Rc1 Qb6 18.Qd2 Rfc8 19.Bb1 a5 20.Be5 Qd8 21.h4 Qd7 22.Rc3 Bf8
23.Qc2 g6 24.Qd2 Qd8 25.Kg2 Ra7 26.Rec1 Qd7 27.Qf4 Be7 28.Bf6 Bd6 29.Qg5 Rcc7
30.h5 Bh3+ 31.Kh2 Bf5 32.Bxf5 Qxf5 33.Qxf5 gxf5 34.Re1 c5 35.Rce3 c4 36.Re8+ Bf8
37.R8e5 Ra8 38.Re8 a4 39.h6 Rb7 40.Bg7  1-0

[Event "Zaragoza op 11th"]
[Site "Zaragoza"]
[Date "1999.??.??"]
[Round "9"]
[White "Cifuentes Parada, Roberto"]
[Black "Lopez Martinez, Jose Manuel"]
[Result "1/2-1/2"]
[WhiteElo "2525"]
[BlackElo "2370"]

1.d4 d5 2.c4 dxc4 3.Nf3 Nf6 4.e3 e6 5.Bxc4 c5 6.O-O Nc6 7.Nc3 a6 8.Bb3 Be7
9.dxc5 Qxd1 10.Rxd1 Bxc5 11.Bd2 Bd7 12.Be1 Rd8 13.Rac1 Ba7 14.Na4 O-O 15.Nc5 Bxc5
16.Rxc5 Bc8 17.Kf1 h6 18.h3 Rxd1 19.Bxd1 Rd8 20.Be2 Bd7 21.Nd2 Be8 22.a3 Nd5
23.Rc1 Na7 24.Bf3 Bb5+ 25.Kg1 Nc6 26.Be4 Ne5 27.Nf3 Nd3 28.Bxd3 Bxd3 29.Ne5 Bb5
30.Ba5 b6 31.Be1 f6 32.Nf3 e5 33.Bd2 Be2 34.Ne1 Kf7 35.e4 Ne7 36.Be3 b5 37.f3 Bc4
38.Kf2 Rd7 39.Rc3 Rd6 40.b3 Be6 41.Nd3 Rc6 42.Bc5 a5 43.Ke3 Ng6 44.a4 bxa4
45.bxa4 Nf4 46.Nxf4 exf4+ 47.Kxf4 Rc7 48.Ke3 Bd7 49.Kd4 Bxa4 50.Ra3 Rd7+
51.Ke3 Bb5 52.Rxa5 Bc4 53.Bd4 Rc7 54.h4 Rd7 55.h5 Bf1 56.g4 Rb7 57.Rc5 Bb5
58.Rc8 Bd7 59.Rd8 Be8 60.Rc8 Bd7 61.Rc5 Be6 62.Bc3 Ra7 63.Kf4 Rd7 64.Ke3 Rd8
65.Ra5 Rd7 66.Bd4 Rb7 67.Ra8 Bd7 68.Bc5 Be8 69.Kf4 Rc7 70.Bd6 Rb7 71.Kg3 Rd7
72.e5 fxe5 73.Bxe5 Re7 74.f4 Bc6 75.Rc8 Bb7 76.Rd8 Bc6 77.Rd6 Be4 78.Kf2 Bc2
79.Ke3 Ba4 80.Ke4 Rd7 81.Rb6 Bd1 82.g5 g6 83.Rxg6 Bxh5 84.Rg7+ Ke8 85.Rg8+ Kf7
86.Rh8 Bd1 87.Rxh6 Bc2+ 88.Ke3 Rd1 89.Rh7+ Kf8 90.Rc7 Bf5 91.Bg7+  1/2-1/2

[Event "Hilton Open"]
[Site "Basel SUI"]
[Date "2000.01.03"]
[Round "5"]
[White "Nemet,I"]
[Black "Giertz,N"]
[Result "1-0"]
[WhiteElo "2422"]
[BlackElo "2279"]

1.d4 d5 2.Nf3 Nf6 3.c4 dxc4 4.e3 e6 5.Bxc4 c5 6.O-O a6 7.Bb3 cxd4 8.exd4 Nc6
9.Nc3 Be7 10.Re1 O-O 11.Bg5 b5 12.Qd3 Bb7 13.Rad1 Nb4 14.Qe2 Nbd5 15.Ne5 Nxc3
16.bxc3 Nd5 17.Bd2 Rc8 18.c4 bxc4 19.Bxc4 a5 20.Rb1 Bb4 21.Red1 Rc7 22.Qg4 Bxd2
23.Rxd2 Qc8 24.Bf1 Nf6 25.Qh3 Be4 26.Re1 Rc1 27.Rde2 Rxe1 28.Rxe1 Qc7 29.Qa3 Qb6
30.Rxe4  1-0

[Event "ch-CRO"]
[Site "Pula CRO"]
[Date "2000.01.09"]
[Round "3"]
[White "Zaja,I"]
[Black "Stevic,H"]
[Result "1-0"]
[WhiteElo "2446"]
[BlackElo "2470"]

1.d4 d5 2.Nf3 Nf6 3.c4 dxc4 4.e3 e6 5.Bxc4 c5 6.O-O a6 7.Bd3 cxd4 8.exd4 Be7
9.Nc3 O-O 10.Bg5 Nc6 11.Rc1 Nd5 12.Nxd5 exd5 13.Bxe7 Qxe7 14.Re1 Qf6 15.Ne5 Nxe5
16.Rxe5 Be6 17.Qd2 Rac8 18.Rce1 Rc6 19.f4 Rd6 20.Bc2 Bd7 21.Qd3 Qg6 22.Qe2 Qf6
23.Qf3 Bc6 24.Qh3 g6 25.Qe3 Bb5 26.a4 Rc8 27.Bxg6 hxg6 28.axb5 axb5 29.Qh3 Rdd8
30.Qg4 Rc4 31.f5 Qb6 32.Rd1 Rc6 33.Rf1 Rf6 34.fxg6 Rxg6 35.Qh4 Kg7 36.Rh5 Rh6
37.Rxh6 Qxh6 38.Rxf7+  1-0

[Event "VII Anibal Open"]
[Site "Linares ESP"]
[Date "2000.01.10"]
[Round "4"]
[White "Rojo Huerta,G"]
[Black "Portisch,L"]
[Result "0-1"]
[WhiteElo "2384"]
[BlackElo "2552"]

1.d4 d5 2.c4 dxc4 3.Nf3 Nf6 4.e3 e6 5.Bxc4 c5 6.O-O a6 7.Bd3 Nbd7 8.Qe2 b6
9.Rd1 Bb7 10.dxc5 Bxc5 11.b3 Qe7 12.Bb2 O-O 13.Nbd2 Ba3 14.Bxa3 Qxa3 15.Nc4 Qe7
16.Rac1 Rac8 17.Qb2 Bxf3 18.gxf3 b5 19.Nd2 Nc5 20.Be2 Nd5 21.Ne4 Nxe4 22.fxe4 Nf6
23.e5 Nd5 24.Bf3 Qg5+ 25.Kh1 Rxc1 26.Rxc1 Ne7 27.Bb7 a5 28.b4 a4 29.Qd4 Ng6
30.f4 Qg4 31.Qd3 h5 32.Qxb5 Rd8 33.Qxa4 Qe2 34.Bg2 Nh4 35.Be4 g6  0-1

[Event "VII Anibal Open"]
[Site "Linares ESP"]
[Date "2000.01.14"]
[Round "8"]
[White "Delchev,A"]
[Black "Baron Rodriguez,Je"]
[Result "1-0"]
[WhiteElo "2521"]
[BlackElo "2409"]

1.d4 d5 2.c4 dxc4 3.e3 Nf6 4.Bxc4 e6 5.Nf3 c5 6.O-O Nc6 7.Qe2 cxd4 8.Rd1 Be7
9.exd4 O-O 10.a3 b6 11.Nc3 Bb7 12.d5 exd5 13.Nxd5 Nxd5 14.Bxd5 Qc7 15.Be3 Rac8
16.Rac1 Bf6 17.Qb5 Rfd8 18.Bg5 Qe7 19.h4 h6 20.Re1 Qd6 21.Rcd1 hxg5 22.Bxf7+ Kxf7
23.Rxd6 Rxd6 24.Qc4+ Kf8 25.hxg5 Bd4 26.Qb5 g6 27.Nxd4 Rxd4 28.Qb3 Rd6 29.Qh3 Ne7
30.Qh6+ Ke8 31.Rxe7+ Kxe7 32.Qg7+ Ke6 33.Qxb7 Rc5 34.Qxa7 Rxg5 35.g3 Rgd5
36.Qg7 Kf5 37.Kg2 Rd2 38.Qc3 R2d3 39.Qb4 R3d4 40.Qb5+ R4d5 41.Qe2 Rd2 42.Qf3+ Ke6
43.Qe4+ Kf6 44.b4 R2d4 45.Qf3+ Ke7 46.Qb7+ Ke6 47.Qg7 Kf5 48.f3 Rf6 49.Qh6 Rfd6
50.Qg7 Rf6 51.Qe7 Re6 52.Qf8+ Rf6 53.Qc8+ Re6 54.f4 Rd6 55.Kh3 g5 56.Qc2+ Kf6
57.Kg4 gxf4 58.gxf4 Rd4 59.Qf5+ Ke7 60.Qh7+ Kd6 61.Qb7 Ree4 62.Qxb6+ Kd7
63.Qb7+ Kd6 64.Qb8+ Kc6 65.Kf5 Re7  1-0

[Event "Extraliga CZE"]
[Site "Ostrava CZE"]
[Date "2000.01.16"]
[Round "7"]
[White "Jurka,M"]
[Black "Spacek,P"]
[Result "1/2-1/2"]
[WhiteElo "2361"]
[BlackElo "2410"]

1.Nf3 d5 2.d4 Nf6 3.c4 dxc4 4.e3 e6 5.Bxc4 c5 6.O-O a6 7.Bb3 Nc6 8.Nc3 Be7
9.dxc5 Qxd1 10.Rxd1 Bxc5 11.Bd2 O-O 12.Rac1 Ba7 13.Be1 Bd7 14.Na4 Rac8 15.Nc5 Bxc5
16.Rxc5 Nb8 17.Rxc8 Rxc8 18.Ne5 Bb5 19.f3 Nbd7 20.Nxd7 Nxd7 21.e4 Kf8 22.Bb4+ Ke8
23.Bc3 Kf8 24.a4 Bc6 25.Kf2 Nb6 26.a5 Na8 27.Ke3 Nc7 28.g4 f6 29.f4 h6 30.h4 Ke7
31.Rg1 Rh8 32.Bd4 Bd7 33.Bc5+ Ke8 34.Rd1 Nb5 35.f5 e5 36.Rd2 Bc6 37.Bc4 Rh7
38.Bb6 Ke7 39.Bc5+ Ke8 40.Be6 Rh8 41.Bb3 Rh7 42.Bb6 Ke7 43.Rd8 Nd6 44.h5 Nxe4
45.Rc8 Ng5 46.Bc4 Kd6 47.b4 Bf3 48.Rd8+ Ke7 49.Rb8 Kd6 50.Rd8+ Ke7 51.Rb8 Kd6
52.Rd8+  1/2-1/2

[Event "V Ubeda Open"]
[Site "Ubeda ESP"]
[Date "2000.01.19"]
[Round "10"]
[White "Ivanov,J"]
[Black "Sorokin,M"]
[Result "1/2-1/2"]
[WhiteElo "2440"]
[BlackElo "2572"]

1.Nf3 d5 2.d4 Nf6 3.c4 dxc4 4.e3 e6 5.Bxc4 c5 6.O-O a6 7.dxc5 Qxd1 8.Rxd1 Bxc5
9.b3 Nbd7 10.Bb2 b6 11.Nbd2 Bb7 12.Rac1  1/2-1/2

[Event "Israeli League"]
[Site "Ramat Aviv ISR"]
[Date "2000.01.21"]
[Round "2"]
[White "Huzman,A"]
[Black "Zilberman,Y"]
[Result "1-0"]
[WhiteElo "2574"]
[BlackElo "2505"]

1.Nf3 d5 2.d4 Nf6 3.c4 dxc4 4.e3 e6 5.Bxc4 c5 6.O-O a6 7.Bb3 cxd4 8.exd4 Nc6
9.Nc3 Be7 10.Re1 O-O 11.a3 b5 12.d5 Nxd5 13.Nxd5 exd5 14.Bxd5 Bb7 15.Bf4 Bf6
16.Rc1 Rc8 17.b4 Qd7 18.Bg5 Bxg5 19.Nxg5 Qf5 20.Rc5 Qg6 21.Be4 f5 22.Rxf5 Rxf5
23.Bxf5 Qxf5 24.Qb3+ Kf8 25.Ne6+ Kg8 26.Nd8+ Kf8 27.Nxb7 Nd4 28.Qe3 Qd5 29.Qe7+ Kg8
30.Nd6 Ne2+ 31.Kf1  1-0

[Event "Renome 2000"]
[Site "Bjeljina YUG"]
[Date "2000.01.31"]
[Round "6"]
[White "Petronic,J"]
[Black "Stojanovic,Da"]
[Result "1/2-1/2"]
[WhiteElo "2423"]
[BlackElo "2249"]

1.d4 d5 2.c4 dxc4 3.Nf3 Nf6 4.e3 e6 5.Bxc4 c5 6.O-O a6 7.Bb3 b5 8.a4 b4 9.a5 Be7
10.Ba4+ Nbd7 11.Ne5 Qc7 12.Nd2 O-O 13.Ndc4 cxd4 14.exd4 Nxe5 15.Nxe5 Qxa5
16.Bf4 Qb6 17.Nc6 Nd5 18.Nxe7+ Nxe7 19.Rc1 Ra7 20.Rc5 Bd7 21.Bc2 Bc6 22.Qh5 f5
23.Re1 Bd5 24.Re3 Ng6 25.Bg5 Rc7 26.Rh3 Rxc5 27.Qxh7+ Kf7 28.Rh6 Rxc2 29.Qxg6+ Kg8
30.Qh7+ Kf7 31.Qg6+  1/2-1/2

[Event "Wydra mem rapidplay"]
[Site "Haifa ISR"]
[Date "2000.02.05"]
[Round "12"]
[White "Avrukh,B"]
[Black "Huzman,A"]
[Result "1/2-1/2"]
[WhiteElo "2620"]
[BlackElo "2574"]

1.d4 d5 2.c4 dxc4 3.e3 Nf6 4.Bxc4 e6 5.Nf3 c5 6.O-O a6 7.a4 Nc6 8.Qe2 Qc7
9.Bd2 Bd6 10.dxc5 Bxc5 11.Bc3 O-O 12.Nbd2 e5 13.Ng5 Bg4 14.f3 Bf5 15.Kh1 Bb4
16.Bxb4 Nxb4 17.g4 Bc2 18.Rac1 Qe7 19.Nde4 Nxe4 20.Nxe4 Rac8 21.b3 b5 22.axb5 axb5
23.Bxb5 Bxb3 24.Bc4 Bxc4 25.Rxc4 Nd5  1/2-1/2

[Event "Petroff Mem Open"]
[Site "St Petersburg RUS"]
[Date "2000.02.08"]
[Round "2"]
[White "Yevseev,D"]
[Black "Kyprijanov,I"]
[Result "1-0"]
[WhiteElo "2496"]
[BlackElo "2290"]

1.d4 d5 2.c4 dxc4 3.e3 Nf6 4.Bxc4 e6 5.Nf3 c5 6.O-O a6 7.Bb3 Nc6 8.Qe2 cxd4
9.Rd1 Be7 10.exd4 O-O 11.Nc3 Nb4 12.Ne5 Nbd5 13.Rd3 Qd6 14.Rg3 Rd8 15.Bh6 g6
16.h4 Bd7 17.h5 Be8 18.Rd1 Bf8 19.hxg6 hxg6 20.Bg5 Rdc8 21.Ne4 Nxe4 22.Qxe4 Bg7
23.Qh4 f6 24.Rh3 fxg5 25.Qh7+ Kf8 26.Bxd5 g4 27.Nxg4 exd5 28.Rf3+ Bf7 29.Nh6  1-0

[Event "WIM"]
[Site "Hammershoj, Jutland DEN"]
[Date "2000.02.12"]
[Round "1"]
[White "Vovk,O"]
[Black "Jackova,J"]
[Result "1/2-1/2"]
[WhiteElo "2081"]
[BlackElo "2303"]

1.d4 d5 2.c4 dxc4 3.e3 e6 4.Bxc4 c5 5.Nf3 Nf6 6.O-O a6 7.a4 Nc6 8.Nc3 b6
9.b3 Be7 10.d5 exd5 11.Nxd5 O-O 12.Bb2 Bb7 13.Nxf6+ Bxf6 14.Qxd8 Bxd8 15.Bc3 Bc7
16.Rfd1 Rad8 17.Kf1 h6 18.Ke2 Bc8 19.h3 Rde8 20.Ra2 Bb8 21.Rad2 Na7 22.Bd5 Kh7
23.Ke1 f5 24.b4 Bc7 25.bxc5 bxc5 26.Bb7 Re7 27.Bxc8 Nxc8 28.Rd7 Rff7 29.Rxe7 Rxe7
30.Rd5 Nb6 31.Rxf5 Nxa4 32.Ba1 c4 33.Kd2 Bd6 34.Kc2 Rc7 35.Ra5 Nc5 36.Bd4 Nd3
37.Ne5 Bxe5 38.Bxe5 Rc6 39.Bg3 Nc5 40.f3 Nb7 41.Ra4 Rg6 42.Be5 Rg5 43.Bd4 Rxg2+
44.Kc3 Rg3 45.Rxa6 Rxf3 46.Ra7 Rf7 47.Kxc4 Nd8 48.Kd5 Rxa7 49.Bxa7 Kg6 50.Bd4 Kf7
51.h4 Ne6  1/2-1/2

[Event "Petroff Mem Open"]
[Site "St Petersburg RUS"]
[Date "2000.02.15"]
[Round "8"]
[White "Vunder,A"]
[Black "Tarasov,M"]
[Result "1/2-1/2"]
[WhiteElo "2284"]
[BlackElo "2401"]

1.d4 d5 2.c4 dxc4 3.e3 Nf6 4.Bxc4 e6 5.Nf3 c5 6.O-O Nc6 7.Nc3 cxd4 8.exd4 Be7
9.a3 O-O 10.Qd3 Qc7 11.Rd1 Rd8 12.Qe2 Bd7 13.Bg5 Be8 14.Rac1 Rac8 15.Ba2 h6
16.Bxf6 Bxf6 17.d5 Bxc3 18.Rxc3  1/2-1/2

[Event "WIM"]
[Site "Hammershoj, Jutland DEN"]
[Date "2000.02.17"]
[Round "6"]
[White "Guindy,E"]
[Black "Jackova,J"]
[Result "1/2-1/2"]
[WhiteElo "2185"]
[BlackElo "2303"]

1.d4 d5 2.c4 dxc4 3.Nf3 Nf6 4.e3 e6 5.Bxc4 c5 6.Qe2 a6 7.dxc5 Bxc5 8.O-O b5
9.Bd3 Nc6 10.e4 Nb4 11.Ne1 e5 12.Be3 Bd6 13.h3 O-O 14.Nd2 Bb7 15.Bg5 h6 16.Bh4 Be7
17.Bg3 Qd6 18.Ndf3 Nd7 19.Rd1 Qe6 20.Bb1 Rfd8 21.Nd3 Nc6 22.Rc1 Bf6 23.Kh1 Qe7
24.a3 Nf8 25.Ba2 Ng6 26.Nc5 Rac8 27.Nxb7 Qxb7 28.Bd5 Qb6 29.Rfd1 Nce7 30.Bb3 a5
31.Rxd8+ Rxd8 32.a4 Rb8 33.axb5 Qxb5 34.Qxb5 Rxb5 35.Rc3 Rb4 36.Re3 Nc6 37.Bd5 Nd4
38.b3 Ne7 39.Nxe5 Nxd5 40.exd5 Nf5 41.Nc6 Rb6 42.Rd3 Nxg3+ 43.fxg3 Ra6 44.Nb8 Ra8
45.Nd7 Bd8 46.d6 Rc8 47.Rd5 f6 48.Nc5 Kf7 49.Nb7 Bb6 50.Kh2 Rb8 51.Nc5 Bxc5
52.Rxc5 Rxb3 53.Rxa5 Rb7 54.g4  1/2-1/2

[Event "8th Valle d'Aosta Open"]
[Site "Saint Vincent ITA"]
[Date "2000.02.17"]
[Round "6"]
[White "Komarov,D"]
[Black "Lazarev,V"]
[Result "1-0"]
[WhiteElo "2568"]
[BlackElo "2493"]

1.d4 d5 2.c4 dxc4 3.e3 Nf6 4.Bxc4 e6 5.Nf3 c5 6.Qe2 a6 7.dxc5 Bxc5 8.e4 b5
9.Bd3 Nc6 10.Nbd2 e5 11.a4 bxa4 12.Rxa4 O-O 13.O-O Nb4 14.Bc4 Qe7 15.Nb3 Bd6
16.Bd2 Bd7 17.Ra5 Rfb8 18.Bc3 Nc6 19.Raa1 Be6 20.Nbd2 a5 21.Bxe6 Qxe6 22.Nc4 Bc7
23.Rfd1 h6 24.Rd2 Rd8 25.Rad1 Rxd2 26.Rxd2 Re8 27.h3 Nh5 28.Ne3 Nf4 29.Qc4 Qg6
30.Nh4 Qe6 31.Nhf5 Qxc4 32.Nxc4 Ne6 33.Rd7 Rb8 34.f4 Rb5 35.Nfd6 Bxd6 36.Nxd6 Rc5
37.f5 Ned8 38.Rc7 a4 39.Bb4 Rc1+ 40.Kh2 Rc2 41.Ba3 h5 42.h4 Rd2 43.Kg1 Rd1+
44.Kf2 Rd2+ 45.Kf1 Rd1+ 46.Kf2 Rd2+ 47.Kf1 Rd1+ 48.Ke2 Rh1 49.Rc8 Kh7 50.Ra8 Rxh4
51.Rxa4 g6 52.Ra8 gxf5 53.exf5 Rd4 54.Bc5 Rg4 55.Kf2 Rf4+ 56.Kg1 h4 57.b4 Rg4
58.Kh2 Rg8 59.Bb6 Nxb4 60.Rxd8  1-0

[Event "8th Valle d'Aosta Open"]
[Site "Saint Vincent ITA"]
[Date "2000.02.19"]
[Round "8"]
[White "Arlandi,E"]
[Black "Galkin,A"]
[Result "1/2-1/2"]
[WhiteElo "2448"]
[BlackElo "2566"]

1.d4 d5 2.c4 dxc4 3.Nf3 Nf6 4.e3 e6 5.Bxc4 c5 6.O-O a6 7.Bb3 Nc6 8.Nc3 Be7
9.dxc5 Qxd1 10.Rxd1 Bxc5 11.Bd2 Ba7 12.Rac1 Ke7 13.Ng5 Rd8 14.Nge4 Nxe4 15.Nxe4 e5
16.Nc5 Bxc5 17.Rxc5 Be6 18.Bxe6 Kxe6 19.Kf1 Rd3 20.Ke2 Rad8 21.Rcc1 f5 22.Bc3 Rxd1
23.Rxd1 Rxd1 24.Kxd1 Kd5 25.b3 b5 26.Kd2 g6 27.f3 a5 28.Kd3 e4+ 29.fxe4+ fxe4+
30.Kc2 a4 31.Kb2 Kc5 32.Bg7 axb3 33.axb3 b4 34.Kc2 Kb5 35.Bf6 Nb8 36.Be5 Nd7
37.Bd4 Nf8 38.Bf6 Ne6 39.Be7 Nc7 40.Kd2 Nd5 41.Bf8 Nf6 42.Bd6 Nd5 43.Bf8 Kc6
44.Ke2 Kd7  1/2-1/2

[Event "Masters"]
[Site "Monaco MNC"]
[Date "2000.02.24"]
[Round "5"]
[White "Efimov,I"]
[Black "Flear,C"]
[Result "1-0"]
[WhiteElo "2537"]
[BlackElo "2264"]

1.d4 d5 2.c4 dxc4 3.Nf3 Nf6 4.e3 e6 5.Bxc4 c5 6.O-O a6 7.b3 b5 8.Be2 Nbd7
9.Bb2 Bb7 10.Nbd2 Be7 11.a4 Qb6 12.Bd3 O-O 13.Qe2 Bc6 14.e4 Qb7 15.Ng5 h6
16.Ngf3 Rfd8 17.Rfe1 Re8 18.Rab1 Nh7 19.h4 Rab8 20.Nf1 cxd4 21.Nxd4 Nc5 22.axb5 Bxb5
23.Bxb5 axb5 24.Ng3 Bxh4 25.Nh5 Nf6 26.Nf3 Nxh5 27.Nxh4 Nf4 28.Qg4 Ng6 29.Nxg6 fxg6
30.Qxg6 Qf7 31.Qg3 Rbd8 32.Re3 Rd2 33.Bc3 Rc2 34.Rbe1 Rc8 35.Rf3 Qd7 36.Qg6 b4
37.Be5 Ra8 38.Rg3 Ra7 39.Qxh6  1-0

[Event "16th open"]
[Site "Cappelle La Grande FRA"]
[Date "2000.02.25"]
[Round "8"]
[White "Cosma,I"]
[Black "Colin,V"]
[Result "1-0"]
[WhiteElo "2468"]
[BlackElo "2224"]

1.d4 d5 2.c4 dxc4 3.Nf3 Nf6 4.e3 e6 5.Bxc4 c5 6.Qe2 a6 7.dxc5 Bxc5 8.O-O b5
9.Bd3 Nbd7 10.a4 b4 11.Nbd2 Bb7 12.Nc4 Qb8 13.e4 Ng4 14.b3 Bd4 15.Rb1 Nc5
16.Bc2 f5 17.g3 Bxf2+ 18.Rxf2 Nxf2 19.Qxf2 Nxe4 20.Bxe4 Bxe4 21.Bf4 Qa7 22.Nd6+ Ke7
23.Nxe4 fxe4 24.Be3 Qc7 25.Rc1  1-0

[Event "Estonian Club Cup 1st leg"]
[Site "Tallinn EST"]
[Date "2000.02.25"]
[Round "?"]
[White "Luik,H"]
[Black "Remmel,A"]
[Result "1/2-1/2"]
[WhiteElo "2253"]
[BlackElo "2241"]

1.d4 d5 2.c4 dxc4 3.Nf3 Nf6 4.e3 e6 5.Bxc4 c5 6.O-O Be7 7.dxc5 Qxd1 8.Rxd1 Bxc5
9.b3 a6 10.Bb2 b5 11.Be2 Bb7 12.Nbd2 Nbd7 13.Rac1 Ke7 14.Nd4 Rac8 15.Bf3 Bxf3
16.N2xf3 Rhd8 17.Kf1 g6 18.Ne2 Ne4  1/2-1/2

[Event "NED-chT"]
[Site "Hengelo NED"]
[Date "2000.02.27"]
[Round "4"]
[White "Hoeksema,E"]
[Black "Duijn,Ri"]
[Result "1/2-1/2"]
[WhiteElo "2405"]
[BlackElo "2221"]

1.d4 d5 2.c4 dxc4 3.Nf3 Nf6 4.e3 e6 5.Bxc4 c5 6.O-O a6 7.Bb3 Qc7 8.Re1 g6
9.e4 cxd4 10.e5 Nfd7 11.Nxd4 Nc6 12.Nc3 Bg7 13.Nxc6 Qxc6 14.Bf4 b6 15.Rc1 Nc5
16.Ne4 O-O 17.Be3 Bb7 18.Bxc5 bxc5 19.Rxc5 Qb6 20.Qd6 Qb4 21.Rcc1 a5 22.Qxb4 axb4
23.Nd6 Bd5 24.f4 g5 25.fxg5 Ra5 26.Bxd5 exd5 27.Nf5 d4 28.Nxd4 Rxe5 29.Rxe5 Bxe5
30.Nc6 Bxb2 31.Rc4 Ra8 32.Nxb4 Ra4 33.Rc8+ Kg7 34.Nc2 Rxa2 35.h4 Be5 36.Kf2 Ra4
37.h5 h6 38.gxh6+ Kxh6 39.Ne3 Bd4 40.Re8 Kxh5  1/2-1/2

[Event "Caissa Open"]
[Site "Kharkov UKR"]
[Date "2000.02.30"]
[Round "6"]
[White "Matjushin,O"]
[Black "Kovalenko,S"]
[Result "1-0"]
[WhiteElo "2188"]
[BlackElo "2277"]

1.d4 d5 2.c4 dxc4 3.Nf3 Nf6 4.e3 e6 5.Bxc4 c5 6.O-O Nc6 7.Qe2 cxd4 8.Rd1 Be7
9.exd4 O-O 10.Nc3 a6 11.a4 Nb4 12.Ne5 Nfd5 13.Ne4 Bd7 14.Be3 Rc8 15.Bb3 Bc6
16.Nxc6 Rxc6 17.h3 Qb6 18.a5 Qc7 19.Ba4 b5 20.axb6 Rxb6 21.Rdc1 Qa7 22.Bd2 Rbb8
23.Nc5 Rfc8 24.Bxb4 Nxb4 25.Nxe6 Bf6 26.Rxc8+ Rxc8 27.Qg4 Rb8 28.Nc5 Rd8
29.Rd1 Nd5 30.Bb3 h6 31.Bc4 Nb4 32.b3 a5 33.g3 Nc2 34.Ne4 Bxd4 35.Kg2 Qb6
36.Qf3 Qc7 37.Nc3 Nb4 38.Nb5 Qe5 39.Qxf7+ Kh7 40.Rxd4 Rxd4  1-0

[Event "33rd 8th March Women's It"]
[Site "Belgrade YUG"]
[Date "2000.03.04"]
[Round "2"]
[White "Zhukova,N"]
[Black "Skripchenko,A"]
[Result "1-0"]
[WhiteElo "2471"]
[BlackElo "2444"]

1.d4 d5 2.Nf3 e6 3.c4 dxc4 4.e3 Nf6 5.Bxc4 c5 6.O-O a6 7.a4 Nc6 8.Qe2 Qc7
9.Rd1 Bd6 10.dxc5 Bxc5 11.b3 O-O 12.Bb2 e5 13.h3 e4 14.Ng5 h6 15.Bxf6 hxg5
16.Bb2 Ne5 17.Nc3 Nxc4 18.Qxc4 Be6 19.Nd5 Qc6 20.Rac1 Rad8 21.Qc3 f6 22.Nxf6+ gxf6
23.Rxd8 Rxd8 24.Qxf6 Rd7 25.Qxg5+ Kf7 26.Qh5+ Ke7 27.Rxc5 Rd1+ 28.Kh2 Qd6+
29.Be5 Qxc5 30.Bf6+ Kxf6 31.Qxc5 Rd7 32.b4 Bd5 33.Qf8+ Ke6 34.Qh6+ Ke7 35.g4 Kd8
36.Qg5+ Ke8 37.h4  1-0

[Event "FSIMC March"]
[Site "Budapest HUN"]
[Date "2000.03.12"]
[Round "7"]
[White "Kragelj,I"]
[Black "Naes,F"]
[Result "1-0"]
[WhiteElo "2214"]
[BlackElo "2257"]

1.d4 d5 2.c4 dxc4 3.Nf3 Nf6 4.e3 e6 5.Bxc4 c5 6.O-O a6 7.Bb3 b5 8.a4 b4 9.Qe2 Bb7
10.Rd1 Qc7 11.Nbd2 Nc6 12.Nc4 a5 13.dxc5 Bxc5 14.Nd4 Nxd4 15.exd4 Be7 16.Ne5 Nd5
17.Qb5+ Kf8 18.Qe2 f6 19.Nd3 Qc6 20.Qg4 Kf7 21.Qh5+ g6 22.Qh3 Qb6 23.Re1 Rad8
24.Bd2 h5 25.Rac1 h4 26.Nf4 Rd6 27.Rxe6 Qxd4 28.Be3 Qxb2 29.Bxd5 Rxd5 30.Nxd5 Bxd5
31.Rxe7+ Kxe7 32.Rc7+ Kd6 33.Bf4+  1-0

[Event "FSIMB March"]
[Site "Budapest HUN"]
[Date "2000.03.15"]
[Round "10"]
[White "Gladyszev,O"]
[Black "Sulskis,G"]
[Result "1/2-1/2"]
[WhiteElo "2349"]
[BlackElo "2223"]

1.d4 d5 2.c4 dxc4 3.Nf3 Nf6 4.e3 e6 5.Bxc4 c5 6.O-O a6 7.Bd3 Nc6 8.Nc3 cxd4
9.exd4 Be7 10.Bg5 O-O 11.Rc1 Nb4 12.Bb1 Nbd5 13.Ne5 Bd7 14.Qd3 g6 15.Bh6 Re8
16.Qf3 Bc6 17.Ne4 Nb4 18.a3 Bxe4 19.Bxe4 Nbd5 20.Rfe1 Qd6 21.h4 Rec8 22.g4 Bf8
23.Bxd5 exd5 24.Bxf8 Rxf8 25.g5 Nd7 26.Nxd7 Qxd7 27.Rc5 Rfe8 28.Rxe8+ Rxe8
29.Rxd5 Re1+ 30.Kg2 Qe7 31.Re5 Rxe5 32.dxe5 Qxe5 33.Qxb7 h5 34.b4 Qf4 35.Qa8+ Kg7
36.Qxa6 Qg4+ 37.Kf1 Qd1+ 38.Kg2 Qg4+ 39.Kf1 Qd1+ 40.Kg2 Qg4+  1/2-1/2